[Event "SEM Meisterklasse"]
[Site "Wertingen"]
[Date "2017.06.17"]
[Round "5.1"]
[White "Baeuml, Ulrich"]
[Black "Reimann, Sebastian"]
[Result "1/2-1/2"]
[WhiteElo "2098"]
[BlackElo "2169"]
[PlyCount "25"]
[EventDate "2017.??.??"]
[EventType "swiss"]
[EventRounds "7"]
[EventCountry "GER"]
[WhiteTeam "SC Dillingen"]
[BlackTeam "SK Kriegshaber"]

1. Nf3 Nf6 2. g3 e6 3. c4 d5 4. Bg2 Be7 5. O-O O-O 6. Qc2 c5 7. cxd5 Nxd5 8.
Nc3 Nc6 9. Nxd5 exd5 10. b3 Bf6 11. Bb2 Bxb2 12. Qxb2 Qe7 13. d4 1/2-1/2

[Event "SEM Meisterklasse"]
[Site "Wertingen"]
[Date "2017.06.17"]
[Round "5.2"]
[White "Essler, Richard"]
[Black "Krug, Norbert"]
[Result "0-1"]
[WhiteElo "1878"]
[BlackElo "2225"]
[PlyCount "62"]
[EventDate "2017.??.??"]
[EventType "swiss"]
[EventRounds "7"]
[EventCountry "GER"]
[WhiteTeam "SK Mering"]
[BlackTeam "SK Mering"]

1. e4 c5 2. Nc3 g6 3. f4 Bg7 4. Nf3 a6 5. d3 Nc6 6. Be2 d6 7. O-O b5 8. Qe1 b4
9. Nd5 Nf6 10. Ne3 Nd4 11. Bd1 Rb8 12. c3 Nxf3+ 13. Bxf3 bxc3 14. bxc3 O-O 15.
Bd2 Nd7 16. Nc4 Nb6 17. Rb1 Bd7 18. Nxb6 Rxb6 19. c4 Bd4+ 20. Kh1 Ba4 21. Be2
Qb8 22. f5 Rb2 23. Qc1 Qb7 24. Rxb2 Bxb2 25. Qe1 Bf6 26. fxg6 hxg6 27. Bc3 Bxc3
28. Qxc3 Rb8 29. d4 Qxe4 30. Bd3 cxd4 31. Qa3 Qe3 0-1

[Event "SEM Meisterklasse"]
[Site "Wertingen"]
[Date "2017.06.17"]
[Round "5.4"]
[White "Kolb, Wolfgang"]
[Black "Schmidt, Olaf"]
[Result "1/2-1/2"]
[WhiteElo "2063"]
[BlackElo "2120"]
[PlyCount "22"]
[EventDate "2017.??.??"]
[EventType "swiss"]
[EventRounds "7"]
[EventCountry "GER"]
[WhiteTeam "SK Königsbrunn"]
[BlackTeam "SK Rochade Augsburg"]

1. c4 c6 2. Nf3 d5 3. e3 Nf6 4. Qc2 g6 5. b3 Bg7 6. Bb2 O-O 7. Nc3 Re8 8. d4
Bf5 9. Bd3 Bxd3 10. Qxd3 dxc4 11. Qxc4 Nd5 1/2-1/2

[Event "SEM Meisterklasse"]
[Site "Wertingen"]
[Date "2017.06.17"]
[Round "5.5"]
[White "Kuerschner, Ernst-Michael"]
[Black "Schoeneich, Marco"]
[Result "1-0"]
[WhiteElo "1993"]
[BlackElo "1956"]
[PlyCount "43"]
[EventDate "2017.??.??"]
[EventType "swiss"]
[EventRounds "7"]
[EventCountry "GER"]
[WhiteTeam "SK Mering"]
[BlackTeam "SC Ottobeuren"]

1. d4 d6 2. c4 g6 3. Nc3 Bg7 4. e4 Nc6 5. d5 Nd4 6. Be3 c5 7. Qd2 e5 8. dxe6
fxe6 9. f4 e5 10. Bd3 Nf6 11. h3 Nh5 12. fxe5 Bxe5 13. Nge2 Ng3 14. Rg1 Ndxe2
15. Nxe2 Nxe2 16. Qxe2 Qa5+ 17. Bd2 Qb6 18. Rb1 O-O 19. Bh6 Bg3+ 20. Kd1 Rf2
21. Qe3 Qb4 22. Qxg3 1-0

[Event "SEM Meisterklasse"]
[Site "Wertingen"]
[Date "2017.06.17"]
[Round "5.6"]
[White "Hornung, Hans"]
[Black "Knoll, Georg"]
[Result "0-1"]
[WhiteElo "2058"]
[BlackElo "2021"]
[PlyCount "118"]
[EventDate "2017.??.??"]
[EventType "swiss"]
[EventRounds "7"]
[EventCountry "GER"]
[WhiteTeam "SK Klosterlechfeld"]
[BlackTeam "VfL Leipheim"]

1. c4 g6 2. d4 Bg7 3. e4 d6 4. Nc3 Nc6 5. Be3 e5 6. Nge2 exd4 7. Nxd4 Nf6 8. f3
O-O 9. Qd2 Bd7 10. Be2 Re8 11. O-O Nxd4 12. Bxd4 a5 13. Rad1 Bc6 14. Nd5 Nd7
15. Bxg7 Kxg7 16. Qd4+ f6 17. Rf2 Nc5 18. Bf1 Bxd5 19. cxd5 Re7 20. g3 Qd7 21.
b3 b5 22. h4 b4 23. g4 Rf8 24. Kh2 Nxe4 25. fxe4 Qxg4 26. e5 Qxd4 27. Rxd4 fxe5
28. Rdd2 Ref7 29. Rxf7+ Rxf7 30. Bg2 g5 31. hxg5 Kg6 32. Be4+ Kxg5 33. Rg2+ Kh4
34. Kg1 h6 35. Rg6 h5 36. Rg2 Rf4 37. Bg6 Rd4 38. Bf7 Rd1+ 39. Kh2 Rc1 40. Re2
Kg5 41. Rg2+ Kh4 42. Be6 Rc5 43. Kg1 Rc1+ 44. Kh2 Rc5 45. Rg7 Rc2+ 46. Kg1 Rxa2
47. Rxc7 Kg3 48. Rg7+ Kf4 49. Rd7 a4 50. Rf7+ Ke3 51. Rg7 h4 52. bxa4 b3 53.
Rb7 b2 54. Bf5 e4 55. Rb4 Ra1+ 56. Kg2 h3+ 57. Kg3 Rg1+ 58. Kxh3 b1=Q 59. Rxe4+
Kf3 0-1

[Event "SEM Meisterklasse"]
[Site "Wertingen"]
[Date "2017.06.17"]
[Round "6.2"]
[White "Krug, Norbert"]
[Black "Kuerschner, Ernst-Michael"]
[Result "1-0"]
[WhiteElo "2225"]
[BlackElo "1993"]
[PlyCount "65"]
[EventDate "2017.??.??"]
[EventType "swiss"]
[EventRounds "7"]
[EventCountry "GER"]
[WhiteTeam "SK Mering"]
[BlackTeam "SK Mering"]

1. d4 d5 2. c4 c6 3. Nc3 Nf6 4. Nf3 dxc4 5. e4 b5 6. Be2 b4 7. Na4 Nxe4 8. Bxc4
e6 9. Qe2 Nd6 10. Bd3 Be7 11. O-O a5 12. Nc5 Nd7 13. Rd1 Nf6 14. Ne5 Qb6 15. a3
b3 16. a4 h6 17. Ra3 O-O 18. Rxb3 Qc7 19. Qf3 Nf5 20. Qxc6 Qxc6 21. Nxc6 Bxc5
22. dxc5 Bd7 23. Bb5 Bxc6 24. Bxc6 Rac8 25. Bf3 Rxc5 26. Rb5 Rfc8 27. Be3 Rxb5
28. axb5 Nxe3 29. fxe3 Nd5 30. Ra1 Rc2 31. Bxd5 exd5 32. b4 Rb2 33. Ra4 1-0

[Event "SEM Meisterklasse"]
[Site "Wertingen"]
[Date "2017.06.17"]
[Round "6.3"]
[White "Reimann, Sebastian"]
[Black "Schweizer, Manfred"]
[Result "1/2-1/2"]
[WhiteElo "2169"]
[BlackElo "2040"]
[PlyCount "38"]
[EventDate "2017.??.??"]
[EventType "swiss"]
[EventRounds "7"]
[EventCountry "GER"]
[WhiteTeam "SK Kriegshaber"]
[BlackTeam "Post-SV Memmingen"]

1. e4 d6 2. d4 Nf6 3. f3 g6 4. Be3 c6 5. c4 Bg7 6. Nc3 O-O 7. Qd2 e5 8. d5 cxd5
9. cxd5 a5 10. Bd3 Na6 11. Rc1 Nd7 12. g4 Ndc5 13. Bb1 f5 14. gxf5 gxf5 15. Bg5
Qe8 16. Nge2 f4 17. Rg1 Kh8 18. Kf2 h6 19. Bh4 Bh3 1/2-1/2

[Event "SEM Meisterklasse"]
[Site "Wertingen"]
[Date "2017.06.17"]
[Round "6.4"]
[White "Schmidt, Olaf"]
[Black "Essler, Richard"]
[Result "1/2-1/2"]
[WhiteElo "2120"]
[BlackElo "1878"]
[PlyCount "40"]
[EventDate "2017.??.??"]
[EventType "swiss"]
[EventRounds "7"]
[EventCountry "GER"]
[WhiteTeam "SK Rochade Augsburg"]
[BlackTeam "SK Mering"]

1. d4 Nf6 2. Nf3 c5 3. d5 b5 4. Bg5 Qb6 5. Bxf6 Qxf6 6. c3 Qb6 7. Nbd2 Bb7 8.
e4 e6 9. c4 bxc4 10. Bxc4 Be7 11. O-O O-O 12. Re1 Na6 13. Nf1 Nc7 14. Ne3 Rfe8
15. a4 a5 16. Ba2 Na6 17. Bc4 Nb4 18. Bb5 Red8 19. b3 exd5 20. exd5 Bf6 1/2-1/2

[Event "SEM Meisterklasse"]
[Site "Wertingen"]
[Date "2017.06.17"]
[Round "6.5"]
[White "Schoeneich, Marco"]
[Black "Hornung, Hans"]
[Result "1-0"]
[WhiteElo "1956"]
[BlackElo "2058"]
[PlyCount "111"]
[EventDate "2017.??.??"]
[EventType "swiss"]
[EventRounds "7"]
[EventCountry "GER"]
[WhiteTeam "SC Ottobeuren"]
[BlackTeam "SK Klosterlechfeld"]

1. d4 d6 2. Nf3 g6 3. c3 Bg7 4. e4 Nf6 5. Bd3 O-O 6. h3 Nc6 7. Be3 e5 8. O-O
Qe7 9. Re1 a6 10. Nbd2 Bd7 11. a4 Kh8 12. b4 exd4 13. Nxd4 Ne5 14. Be2 Rad8 15.
f4 Nc6 16. Bf3 Rfe8 17. Qc2 Qf8 18. Re2 Nb8 19. b5 c5 20. bxc6 Nxc6 21. Rb1
Nxd4 22. cxd4 b5 23. a5 Rc8 24. Qa2 Rc3 25. e5 Nh5 26. Ne4 Rxe3 27. Rxe3 dxe5
28. fxe5 Bh6 29. Ree1 Be6 30. Qb2 Nf4 31. Rbd1 Rd8 32. Nd6 Nd5 33. Nb7 Rc8 34.
Nc5 Ne3 35. Rd3 Nc4 36. Qa1 Bf5 37. Be4 Bf4 38. Bxf5 gxf5 39. e6 Qg7 40. exf7
Qxf7 41. Rf3 Bh6 42. Kh1 Rg8 43. Re2 Qg6 44. d5+ Bg7 45. Qb1 Nd6 46. Qd3 Be5
47. g4 Qh6 48. Rxe5 Qc1+ 49. Rf1 Qxc5 50. gxf5 Qb4 51. f6 Nf7 52. Re7 Qb2 53.
Re2 Qb4 54. Rg1 Ng5 55. Re7 Qh4 56. f7 1-0

[Event "SEM Meisterklasse"]
[Site "Wertingen"]
[Date "2017.06.18"]
[Round "7.1"]
[White "Schmidt, Olaf"]
[Black "Krug, Norbert"]
[Result "0-1"]
[WhiteElo "2120"]
[BlackElo "2225"]
[PlyCount "70"]
[EventDate "2017.??.??"]
[EventType "swiss"]
[EventRounds "7"]
[EventCountry "GER"]
[WhiteTeam "SK Rochade Augsburg"]
[BlackTeam "SK Mering"]

1. d4 Nf6 2. Nf3 d6 3. g3 Nbd7 4. Bg2 e5 5. c4 Be7 6. Nc3 a6 7. O-O O-O 8. h3
h6 9. dxe5 dxe5 10. Be3 c6 11. Qc2 Qc7 12. Na4 b5 13. Nc3 bxc4 14. Nd2 Bb7 15.
Nxc4 Nd5 16. Bd2 f5 17. Nxd5 cxd5 18. Ne3 Qxc2 19. Nxc2 Nf6 20. Rfc1 Rac8 21.
Nb4 Ne4 22. Be1 g5 23. Nd3 Bd6 24. Rxc8 Rxc8 25. Rc1 Rxc1 26. Nxc1 Kf7 27. Nd3
Ke6 28. Ba5 Bc6 29. e3 Bb5 30. Bf1 h5 31. b3 Ba3 32. Be1 g4 33. hxg4 hxg4 34.
Nb4 Bxb4 35. Bxb4 d4 0-1

[Event "SEM Meisterklasse"]
[Site "Wertingen"]
[Date "2017.06.18"]
[Round "7.2"]
[White "Knoll, Georg"]
[Black "Baeuml, Ulrich"]
[Result "1/2-1/2"]
[WhiteElo "2021"]
[BlackElo "2098"]
[PlyCount "22"]
[EventDate "2017.??.??"]
[EventType "swiss"]
[EventRounds "7"]
[EventCountry "GER"]
[WhiteTeam "VfL Leipheim"]
[BlackTeam "SC Dillingen"]

1. d4 Nf6 2. c4 c5 3. d5 e6 4. Nc3 exd5 5. cxd5 d6 6. e4 a6 7. a4 g6 8. Bd3 Bg7
9. h3 O-O 10. Nf3 Nbd7 11. O-O Qc7 1/2-1/2

[Event "SEM Meisterklasse"]
[Site "Wertingen"]
[Date "2017.06.18"]
[Round "7.3"]
[White "Essler, Richard"]
[Black "Reimann, Sebastian"]
[Result "0-1"]
[WhiteElo "1878"]
[BlackElo "2169"]
[PlyCount "78"]
[EventDate "2017.??.??"]
[EventType "swiss"]
[EventRounds "7"]
[EventCountry "GER"]
[WhiteTeam "SK Mering"]
[BlackTeam "SK Kriegshaber"]

1. e4 c5 2. Nc3 a6 3. f4 b5 4. d3 Bb7 5. Nf3 Nc6 6. a4 b4 7. Nd5 e6 8. Ne3 Be7
9. g3 Nd4 10. Bg2 Nf6 11. O-O d5 12. exd5 Nxd5 13. Nc4 O-O 14. Nxd4 cxd4 15.
Be4 Rc8 16. Bd2 Nc3 17. bxc3 Bxe4 18. dxe4 Rxc4 19. cxb4 d3 20. c3 Rxe4 21. Re1
Qb6+ 22. Kg2 Rxe1 23. Qxe1 Qc6+ 24. Kf2 Rd8 25. Qh1 Qb6+ 26. Kg2 Bf6 27. Qe1
Qc6+ 28. Kf2 Qc4 29. a5 Qd5 30. Qh1 Qc4 31. Rc1 Qa2 32. Qe1 e5 33. Ra1 Qd5 34.
fxe5 Bxe5 35. Qh1 Qb3 36. Qd1 Qc4 37. Rc1 Rd6 38. Qh1 Rf6+ 39. Ke1 Bxg3+ 0-1